Detalles MARC
| 000 -LEADER |
| campo de control de longitud fija |
02456cam a2200421Ia 4500 |
| 003 - IDENTIFICADOR DE NÚMERO DE CONTROL |
| campo de control |
PE-LiUPU |
| 005 - FECHA Y HORA DE LA ÚLTIMA TRANSACCIÓN |
| campo de control |
20250731175618.0 |
| 008 - DATOS DE LONGITUD FIJA--INFORMACIÓN GENERAL |
| campo de control de longitud fija |
080904s2008 oruabh r 001 0 eng d |
| 020 ## - NÚMERO INTERNACIONAL ESTÁNDAR DEL LIBRO |
| Número Internacional Estándar del Libro |
1556355807 |
| Información calificativa |
(pbk.) |
| 020 ## - NÚMERO INTERNACIONAL ESTÁNDAR DEL LIBRO |
| Número Internacional Estándar del Libro |
9781556355806 |
| Información calificativa |
(pbk.) |
| 035 ## - NÚMERO DE CONTROL DEL SISTEMA |
| Número de control de sistema |
(Sirsi) i9781556355806 |
| 040 ## - FUENTE DE CATALOGACIÓN |
| Centro catalogador/agencia de origen |
LNT |
| Lengua de catalogación |
spa |
| Centro/agencia transcriptor |
PE-LiUPU |
| Centro/agencia modificador |
PE-LiUPU |
| Normas de descripción |
rda |
| 041 0# - CÓDIGO DE IDIOMA |
| Código de lengua del texto/banda sonora o título independiente |
eng |
| -- |
grc |
| 049 ## - FONDOS LOCALES (OCLC) |
| Biblioteca depositaria |
PRUA |
| 082 04 - NÚMERO DE LA CLASIFICACIÓN DECIMAL DEWEY |
| Número de clasificación |
487.4 |
| Cutter |
S844n |
| Número de edición |
20 |
| 100 1# - ENTRADA PRINCIPAL--NOMBRE DE PERSONA |
| Nombre de persona |
Stevens, Gerald L., |
| Término indicativo de función/relación |
autor. |
| 245 10 - MENCIÓN DEL TÍTULO |
| Título |
New Testament Greek intermediate : |
| Resto del título |
from morphology to translation / |
| Mención de responsabilidad, etc. |
Gerald L. Stevens. |
| 264 ## - PRODUCCIÓN, PUBLICACIÓN, DISTRIBUCIÓN, FABRICACIÓN Y COPYRIGHT |
| Producción, publicación, distribución, fabricación y copyright |
Eugene, Oregon : |
| Nombre del de productor, editor, distribuidor, fabricante |
Cascade Books, |
| Fecha de producción, publicación, distribución, fabricación o copyright |
2008. |
| 300 ## - DESCRIPCIÓN FÍSICA |
| Extensión |
xxvi, 612 páginas : |
| Otras características físicas |
ilustraciones ; |
| Dimensiones |
25 centímetros. |
| 336 ## - TIPO DE CONTENIDO |
| Término de tipo de contenido |
text |
| Código de tipo de contenido |
txt |
| Fuente |
rdacontent |
| 337 ## - TIPO DE MEDIO |
| Nombre/término del tipo de medio |
unmediated |
| Código del tipo de medio |
n |
| Fuente |
rdamedia |
| 338 ## - TIPO DE SOPORTE |
| Nombre/término del tipo de soporte |
volume |
| Código del tipo de soporte |
nc |
| Fuente |
rdacarrier |
| 504 ## - NOTA DE BIBLIOGRAFÍA, ETC. |
| Nota de bibliografía, etc. |
Indice : páginas 601-612. |
| 505 0# - NOTA DE CONTENIDO CON FORMATO |
| Nota de contenido con formato |
I. Chapters -- History and language -- Nouns: 1st and 2nd declension -- Case and sentence roles -- The Greek article -- Nouns: 3rd declension -- Adjectives and adverbs -- Prepositions and conjunctions -- Comparisons and numerals -- Pronouns -- The Greek verb: An overview -- Present and imperfect tenses -- Perfect and pluperfect tenses -- Future and Aorist tenses -- Moods of contingency -- Conditional sentences -- Infinitives -- Participle morphology -- Participle translation -- Ml verbs: First principal part -- Ml verbs: Other parts -- II. Manuscripts -- Ms. 180 Douce Apocalypse -- Codex Sinaiticus -- Papyrus 66 -- Codex Alexandrinus -- Codex Vaticanus -- Codex Vaticanus and the ending of Mark -- Gospel MS. 2 and Erasmus -- Codex Bezae -- Papyrus 52 -- Papyrus 46 and the ending of Romans -- Papyri 66 and 75 and rough breathing -- Codex Vaticanus at Lk. 2:1-4 -- III. Appendixes -- Glossary -- Paradigms -- Principal parts -- Lexical middle -- Answer key -- IV. Vocabularies. |
| 526 ## - NOTA DE INFORMACIÓN SOBRE EL PROGRAMA DE ESTUDIO |
| Nombre del programa |
Comunicación Y Periodismo |
| 526 ## - NOTA DE INFORMACIÓN SOBRE EL PROGRAMA DE ESTUDIO |
| Nombre del programa |
Educación, Especialidad Inglés Y Español (A Distancia) |
| 526 ## - NOTA DE INFORMACIÓN SOBRE EL PROGRAMA DE ESTUDIO |
| Nombre del programa |
Educación, Especialidad Inglés Y Español |
| 526 ## - NOTA DE INFORMACIÓN SOBRE EL PROGRAMA DE ESTUDIO |
| Nombre del programa |
Teología |
| 526 ## - NOTA DE INFORMACIÓN SOBRE EL PROGRAMA DE ESTUDIO |
| Nombre del programa |
Educación secundaria, especialidad lingüística e inglés |
| 526 ## - NOTA DE INFORMACIÓN SOBRE EL PROGRAMA DE ESTUDIO |
| Nombre del programa |
Ciencias de la comunicación |
| 546 ## - NOTA DE IDIOMA |
| Nota de lengua/lenguaje |
Inglés y griego. |
| 630 14 - PUNTO DE ACCESO ADICIONAL DE MATERIA--TÍTULO UNIFORME |
| Título uniforme |
Biblia. |
| Nombre de parte o sección de la obra |
N. T. |
| Subdivisión general |
Lenguaje, esstilo |
| Subdivisión de forma |
Problemas, ejercicios, etc. |
| 650 24 - PUNTO DE ACCESO ADICIONAL DE MATERIA--TÉRMINO DE MATERIA |
| Término de materia o nombre geográfico como elemento de entrada |
Griego Koiné |
| Subdivisión general |
Gramática |
| Subdivisión de forma |
Problemas, ejercicios, etc. |
| 9 (RLIN) |
3084 |
| 942 ## - ELEMENTOS DE ENTRADA SECUNDARIOS (KOHA) |
| Fuente del sistema de clasificación o colocación |
Clasificación Decimal Dewey |
| Tipo de ítem Koha |
Libros físicos |
| 949 ## - PROCESAMIENTO DE INFORMACIÓN LOCAL (OCLC) |
| a |
487.4 S79 |
| w |
DEWEY |
| c |
1 |
| i |
73255 |
| d |
2016-8-17 |
| e |
2016-8-16 |
| l |
CCODEBUL1 |
| m |
BUL |
| n |
1 |
| p |
30.00 |
| r |
0 |
| s |
Y |
| t |
BOOK |
| u |
2016-6-7 |
| x |
TEOLOGIA |
| 0 |
COMPRA |
| o |
.STAFF. Posgrado |
| 980 ## - EQUIVALENCIA O REFERENCIA-CRUZADA-MENCIÓN DE SERIE--NOMBRE DE PERSONA/TÍTULO [LOCAL, CANADÁ] |
| ID del último usuario que modificó el registro |
1 |
| Nombre del último usuario que modificó el registro |
ALBERTO SANCHEZ Responsable de Automatización |